000 00582nam a22001577a 4500
020 _qHard Cover.
082 _a621.3
100 _aShakil Ahmed, Ataulbasit Hassan
245 _aA Systematic Technique for Hardware Software Co-design Applied to Design of Sub-optimal MIMO Decoder /
_cAtaulbasit Hassan Shakil Ahmed.
260 _aIslamabad :
_bCEME - NUST,
_c2015.
300 _ax, 76 p. : ill. ;
_c30cm.
650 _aElectrical Engineering-MS-Thesis
_916073
700 _aDr. Shoab Ahmed Khan
_916053
942 _2ddc
_cTHE
999 _c540384
_d540384